Návrh stropnej konštrukcie riešenej ako monolitická doska nosná v jednom smere
Enregistré dans:
| Auteur principal: | |
|---|---|
| Autres auteurs: | |
| Format: | Manuscrit Livre |
| Langue: | slovaque |
| Publié: |
2016
|
| Sujets: | |
| Accès en ligne: | http://is.stuba.sk/zp/portal_zp.pl?podrobnosti=108448 https://opac.crzp.sk/?fn=detailBiblioForm&sid=CAF43C23BCEFEBA4BFCA1CBCB6F5 |
| Tags: |
Pas de tags, Soyez le premier à ajouter un tag!
|
MARC
| LEADER | 00000ntm a22000003a 4500 | ||
|---|---|---|---|
| 001 | stuzp57042 | ||
| 003 | SK-STU | ||
| 005 | 20230626101503.1 | ||
| 007 | ta | ||
| 008 | 150427s2015----xo-----f-mn---000-0-slo-d | ||
| 040 | |a STU |b slo | ||
| 041 | 0 | |a slo | |
| 100 | 1 | |a Maxian, Pavol |u 010110 |4 aut |U SvF Stavebná fakulta |T SvF Katedra betónových konštrukcií a mostov |X 63101 |U V110 |Y 11 |7 63101 | |
| 242 | 0 | 1 | |a The design of the one way cast-in-situ floor slabs |y eng |
| 245 | 1 | 0 | |a Návrh stropnej konštrukcie riešenej ako monolitická doska nosná v jednom smere |
| 260 | |c 2016 | ||
| 650 | 4 | |a Doska |2 slo | |
| 650 | 4 | |a nosná |2 slo | |
| 650 | 4 | |a v jednom |2 slo | |
| 650 | 4 | |a smere |2 slo | |
| 650 | 4 | |a Slab |2 eng | |
| 650 | 4 | |a support |2 eng | |
| 650 | 4 | |a in one |2 eng | |
| 650 | 4 | |a direction |2 eng | |
| 700 | 1 | |a Halvonik, Jaroslav |u 010110 |k Z1 |4 ths |U SvF Stavebná fakulta |T SvF Katedra betónových konštrukcií a mostov |X 2749 |U V110 |Y 11 |7 A000002749 | |
| 856 | 4 | |u http://is.stuba.sk/zp/portal_zp.pl?podrobnosti=108448 | |
| 856 | 4 | |u https://opac.crzp.sk/?fn=detailBiblioForm&sid=CAF43C23BCEFEBA4BFCA1CBCB6F5 | |
| SQL | |a stuzp57042 |b DBP |c SLO |d Návrh stropnej konštrukcie riešenej ako monolitická doska nosná v jednom smere |e 63101 |f Maxian, Pavol |g 010110 |h 2749 |i Halvonik, Jaroslav |j 20160621 |k 1 |l 01 |m http://is.stuba.sk/zp/portal_zp.pl?podrobnosti=108448 |n B-IKD |o 5.1.5. inžinierske konštrukcie a dopravné stavby | ||